Colchagua: arquitectura tradicional
محفوظ في:
| المؤلف الرئيسي: | |
|---|---|
| التنسيق: | كتاب |
| اللغة: | الإسبانية |
| منشور في: |
Santiago
Universidad Católica de Chile
1988
|
| الموضوعات: | |
| الوسوم: |
إضافة وسم
لا توجد وسوم, كن أول من يضع وسما على هذه التسجيلة!
|
MARC
| LEADER | 00000nam a2200000 a 4500 | ||
|---|---|---|---|
| 001 | UCX2349 | ||
| 003 | CL-VaPUC | ||
| 008 | 910425e19880000CL |||||||||||||||||spa|d | ||
| 082 | 0 | 4 | |a 720.983 |b GUA |2 21 |
| 100 | |a Guarda Geywitz, Gabriel |e autor |9 570466 | ||
| 245 | 1 | 0 | |a Colchagua: arquitectura tradicional |
| 300 | |a 177 p | ||
| 942 | |c BK | ||
| 945 | |d 19910425 00:00:00 |a oaravena | ||
| 260 | |a Santiago |b Universidad Católica de Chile |c 1988 | ||
| 650 | 0 | |a Arquitectura |9 804558 | |
| 651 | 7 | |a CHILE |2 CL-VaPUC |9 318255 | |
| 651 | 7 | |a COLCHAGUA |2 CL-VaPUC |9 318256 | |
| 583 | |a last modification |c 20180125 11:08:07 |k Rodrigo Vera | ||
| 999 | |c 223390 |d 223388 | ||
| 952 | |0 0 |1 0 |4 0 |6 720_983000000000000_GUA_1988 |7 0 |8 X |9 219146 |a BIBHIS |b BIBHIS |d 2019-11-15 |i 2879077 |l 1 |o 720.983 GUA 1988 |p 2879077 |r 2024-01-30 |s 2023-05-02 |w 2019-11-15 |y BK_X |k HIS | ||
| 952 | |0 0 |1 0 |4 0 |6 720_983000000000000_GUA_1988 |7 0 |8 A |9 219147 |a BIBARQ |b BIBARQ |d 2019-11-15 |i 3034836 |o 720.983 GUA 1988 |p 3034836 |r 2025-01-20 |w 2019-11-15 |y BK |k ARQ | ||